000 01160cam a22002894a 4500
001 12544908
003 OSt
005 20201123144042.0
008 010718s2001 ck a b 000 0 spa
020 _a9586650359 (obra completa)
020 _a9586650367 (t. 1)
020 _a9586650375 (t. 2)
035 _a(BoCbEI)ei 0102M0236
040 _aDLC
_cCO-JMCR
041 _aspa
082 0 4 _a340.115 /
_bS237c
_223
100 1 _aSantos, Boaventura de Sousa,
_eautor
_91797
245 1 3 _aEl caleidoscopio de las justicias en Colombia :
_banálisis socio-jurídico /
_cBoaventura de Sousa Santos, Mauricio García Villegas.
260 _aBogotá :
_bColciencias :
_c2001.
300 _a2 v. :
_bilustraciones, gráficos a blanco y negro
_c24 cm.
504 _abibliografía: páginas 493-541.
505 0 _aMarco teórico -- Contexto histórico, social y político de la justicia -- La justicia oficial -- La justicia multicultural -- La justicia comunitaria
650 2 4 _aJurisprudencia sociológica
_zColombia
_912422
650 2 4 _aJusticia, Administración de
_zColombia
_912423
700 1 _aGarcía Villegas, Mauricio.
_eautor
_93041
942 _2ddc
_cBK
999 _c7017
_d7017